000 00383nam a22001457a 4500
999 _c193491
_d193491
008 221101b ||||| |||| 00| 0 eng d
082 _a921-SAR
100 _aSARKAR,SHEKHAR
245 _aIMSPRIATIONS FROM SWAMI
_hENGLISH
260 _aNEW DELHI
_bA.I.C.B
_c,ROHINI
270 _aA.I.C.B,ROHINI.NEW DELHI
300 _a.
_b.
_c12X13
490 _v1
942 _2ddc
_cBRLEN
_k921
_mSAR